| 000 | 00557nam a2200193 u 4500 | ||
|---|---|---|---|
| 005 | 20220528063600.0 | ||
| 008 | 160725s2009 ag r 000 0 spa d | ||
| 020 | _a9789502412719 | ||
| 035 | _aUPN01000211885 | ||
| 049 | _aI | ||
| 050 | 4 |
_aPZ75 _bA9.2 |
|
| 100 | 1 |
_aAzpiri, Gonzalo, _d1970- _939465 |
|
| 245 | 1 | 3 |
_aEl creador de fantasmas / _c[texto] e il. Gonzalo Azpiri. |
| 260 |
_aBuenos Aires : _bAlbatros, _c2009. |
||
| 300 |
_a47 p. : _bil. col. |
||
| 650 | 0 |
_aHistorias de aventuras _94131 |
|
| 650 | 4 |
_aCUENTOS DE AMOR _912716 |
|
| 905 | _aInfantil | ||
| 999 |
_c183986 _d183986 |
||